| 000 | 01636nam0a2200385 4500 | ||
|---|---|---|---|
| 001 | RU\NLR\bibl\1446565 | ||
| 005 | 20260405211846.0 | ||
| 010 |
_a978-5-91522-079-8 _9500 |
||
| 021 |
_aRU _b2009-79815 _95004 |
||
| 035 | _a(nilc)RSL-KNO-004392424 | ||
| 035 | _a(NLR Aleph) 001438397 | ||
| 090 |
_a1447138 _c1447138 |
||
| 100 | _a20090930d2009 |||y0rusy50 ca | ||
| 101 | 0 | _arus | |
| 102 | _aRU | ||
| 105 | _aa ||||||||| | ||
| 200 | 1 |
_aТенденции развития никелевой промышленности: мир и Россия _dDevelopment trends of the nickel industry: the world and Russia _fЛ. В. Игревская _zeng |
|
| 210 |
_aМосква _cНауч. мир _d2009 |
||
| 215 |
_a264 с. _cил., карты, табл. _d25 |
||
| 300 | _aАвт. также на англ. яз.: L.V. Igrevskaya | ||
| 320 | _aБиблиогр. в конце гл. | ||
| 510 | 0 |
_6z45790 _aDevelopment trends of the nickel industry: the world and Russia _zeng |
|
| 606 | 1 |
_aНикелевая промышленность _xИстория _91701543 _3RU\NLR\auth\66757493 |
|
| 686 |
_aУ530.555.259.7никель _2rubbk |
||
| 686 |
_aУ9(2)305.552.597никель _2rubbk |
||
| 686 | _aУ30(2)555.257-03 | ||
| 686 | _aУ30(0)555.257-03 | ||
| 700 | 1 |
_4070 _8rus _7ca _aИгревская _bЛ. В. _gЛюдмила Валерьевна _3RU\NLR\auth\7794970 _977896 |
|
| 790 | 1 |
_4070 _8eng _7ba _aIgrevskaja _bL. V. _gLjudmila Valer'evna _3RU\NLR\auth\7794971 _977897 |
|
| 801 | 0 |
_aRU _bРГБ _c20090930 _gRCR |
|
| 801 | 1 |
_aRU _bРГБ _c20090930 |
|
| 801 | 2 |
_aRU _bNLR _c20091203 _grcr |
|
| 942 | _cBOOK | ||
| 980 | _aNB | ||